Reinforced and prestressed concrete design to EC2 : (Record no. 335)

000 -LEADER
fixed length control field 00715nam a2200229 a 4500
001 - CONTROL NUMBER
control field 335
003 - CONTROL NUMBER IDENTIFIER
control field BD-DhUET
008 - FIXED-LENGTH DATA ELEMENTS--GENERAL INFORMATION
fixed length control field 110725s2012 enka b 001 0 eng
020 ## - INTERNATIONAL STANDARD BOOK NUMBER
International Standard Book Number 9780415571944
040 ## - CATALOGING SOURCE
Original cataloging agency DLC
Language of cataloging eng
Transcribing agency DLC
Modifying agency BD-DhUET
082 00 - DEWEY DECIMAL CLASSIFICATION NUMBER
Classification number 624.183
Item number OBR/2012
100 1# - MAIN ENTRY--PERSONAL NAME
Personal name O'Brien, Eugene J.,
245 10 - TITLE STATEMENT
Title Reinforced and prestressed concrete design to EC2 :
Remainder of title the complete process /
Statement of responsibility, etc. by Eugene O'Brien, Andrew Dixon, and Emma Sheils.
250 ## - EDITION STATEMENT
Edition statement 2nd ed.
260 ## - PUBLICATION, DISTRIBUTION, ETC. (IMPRINT)
Place of publication, distribution, etc. New York :
Name of publisher, distributor, etc. Spon Press,
Date of publication, distribution, etc. 2012.
300 ## - PHYSICAL DESCRIPTION
Extent ix, 524 p. :
Other physical details ill. ;
Dimensions 25 cm.
504 ## - BIBLIOGRAPHY, ETC. NOTE
Bibliography, etc Includes bibliographies.
650 #0 - SUBJECT ADDED ENTRY--TOPICAL TERM
Topical term or geographic name as entry element Reinforced concrete construction.
700 1# - ADDED ENTRY--PERSONAL NAME
Personal name Dixon, Andrew S.,
700 1# - ADDED ENTRY--PERSONAL NAME
Personal name Sheils, Emma,
942 ## - ADDED ENTRY ELEMENTS (KOHA)
Koha item type General Book
Holdings
Sublocation or collection (holding branch) Source of classification or shelving scheme Location (home branch) Shelving location Koha full call number Date acquired Not for loan Lost status Withdrawn status Koha date last seen Damaged status Copy number Koha normalized classification for sorting Koha item type Price effective from Piece designation (barcode)
Central Library, BUET Central Library, BUETCirculation section624.183/OBR/20122014-07-20   2014-07-20 1624_000000000000000_183OBR2012General Book2014-07-20111026
Central Library, BUET Central Library, BUETCirculation section624.183/OBR/20122014-07-20   2014-07-20 2624_000000000000000_183OBR2012General Book2014-07-20111027